000 01956cam a22005174i 4500
003 PE-LiUPU
005 20250731173512.0
008 150616s1990 xxk r 000 0 eng d
020 _a0385235259
035 _a(Sirsi) i9780385235259
040 _aPE-LiUPU
_bspa
_cPE-LiUPU
_erda
049 _aPRUA
082 0 4 _a220.7
_bAB199024B
_221
100 1 _aSasson, Jack M.,
_eautor.
245 1 0 _aJonah.
_n24B /
_cJack M. Sasson.
264 1 _aNew York :
_bThe Anchor Bible Doubleday,
_c1990.
300 _a368 páginas ;
_c24 centímetros
336 _atext
_2rdacontent
337 _aunmediated
_2rdamedia
338 _avolume
_2rdacarrier
490 0 _aThe Anchor Bible ;
_v24B
504 _aIncluye bibliografía.
505 0 _aIntroduction.- Translations.- Dating the composition of Jonah.- Notes and Comments.
526 _aSEG42
526 _aSEG41
526 _aSEG40
526 _aSEG39
526 _aP94
526 _aP87
526 _aP86
526 _aP85
526 _aP77
526 _aP76
526 _aP35
630 _aBiblia.
_pA.T.
_pJonás
_xComentarios.
910 _ajck
_bjvq
_cjck
942 _2ddc
_cBOOK
949 _a220.7 AB 24B 1990
_wDEWEY
_c1
_i44575
_lCCODEBUL1
_mBUL
_r0
_sY
_tBOOK
_u2015-6-16
_xTEOLOGIA
_zUNKNOWN
_0COMPRA
_o.STAFF. Colección Teología
949 _a220.7 AB 24B 1990
_wDEWEY
_c2
_i41143
_lCCODEBUL1
_mBUL
_r0
_sY
_tBOOK
_u2015-6-16
_xTEOLOGIA
_zUNKNOWN
_0COMPRA
_o.STAFF. Colección Teología
994 _aC0
_bPEPRU
596 _a1
999 _a220.7 AB 24B 1990
_wDEWEY
_c58952
_i44575
_d58952
_f2021-11-9
_g5
_lCCODEBUL1
_mBUL
_q2
_r0
_sY
_tBOOK
_u2015-6-16
_xTEOLOGIA
_zUNKNOWN
_0COMPRA
_o.STAFF. Colección General
999 _a220.7 AB 24B 1990
_wDEWEY
_c2
_i41143
_d2019-6-28
_e2017-5-15
_f2021-11-9
_g5
_lCCODEBUL1
_mBUL
_n1
_p30.00
_q4
_r0
_sY
_tBOOK
_u2015-6-16
_xTEOLOGIA
_PP35
_0COMPRA
_o.STAFF. Colección Teología
980 _81
_gALBERTO SANCHEZ Responsable de Automatización